01622nam a2200361Ia 4500001000900000003000500009005001700014008004100031010001100072020001800083040000900101082002400110100004200134245017100176260004000347300001700387440006900404503000800473504003100481650002700512650003500539650005600574700005500630901002400685902000600709905006300715942001500778999001900793952011200812952011200924952011201036952011201148dia_3007CHAP20251023170456.0220117s1996 xx 000 0 und d a173511 a968-884-324-5 cCHAP a633.576972 S57 1996 aSánchez Peña, J. Víctor9148606 aEl sistema-producto piña en México : situación, tendencias, problemática y alternativas /c J. Víctor Sánchez Peña y Felipe de Jesús Caraveo López aMéxico :b UACh, CIESTAAM,c1996 axiii, 107 p. aEstructura y dinámica de los sistemas agroindustriales9147018 aC/e aBibliografía: p. 103-105 aAnanas comosus 95473 7aPiña (Ananas comosus)988387 0aPiña (Ananas comosus)xManejo del cultivo9153881 aCaraveo López, Felipe de Jesús, coaut.9153882 a633.576972 S57 1996 aM a5212271996 mx mn 8222223322spa16 cLIBRO2ddc c173511d173511 00102ddc40708GRALaIA_bIA_c1d2022-01-18f1l0pdia_004450r2022-01-18 00:00:00t2w2022-01-18yLIBRO 00102ddc40708GRALaIA_bIA_c1d2022-01-18f1l0pdia_004248r2022-01-18 00:00:00t3w2022-01-18yLIBRO 00102ddc40708GRALaIA_bIA_c1d2022-01-18f1l0pdia_004249r2022-01-18 00:00:00t4w2022-01-18yLIBRO 00102ddc40708GRALaIA_bIA_c1d2022-01-18f1l0pdia_004449r2022-01-18 00:00:00t1w2022-01-18yLIBRO